[Event "Nordic zt"]
[Site "Ostersund"]
[Date "1992.??.??"]
[Round "6"]
[White "Larsen, Bent"]
[Black "Olafsson, Helgi"]
[Result "0-1"]
[WhiteElo "2560"]
[BlackElo "2560"]
[Annotator "Stohl,I"]
[PlyCount "120"]
[EventDate "1992.??.??"]
[EventType "swiss"]
[EventRounds "9"]
[EventCountry "NOR"]
[SourceTitle "CBM 031"]
[Source "ChessBase"]
[SourceDate "1992.12.01"]
[SourceVersion "1"]
[SourceVersionDate "1992.12.01"]
[SourceQuality "1"]

1. Nf3 Nf6 2. c4 b6 3. g3 c5 4. Bg2 Bb7 5. O-O g6 6. Nc3 Bg7 7. d3 O-O 8. e4
Nc6 (8... d6 9. h3 Nbd7 10. Bg5 $5 Rc8 $6 (10... Ne5 $142 $5 $13) 11. Qd2 a6
12. Rfe1 e6 13. a4 Qc7 14. a5 bxa5 15. Nd1 Nb8 16. Rxa5 h6 17. Bf4 Qb6 18. Ra3
Kh7 19. Nc3 Rfd8 20. Na4 Qa7 21. b4 $36 {Larsen,B-Adams,M,London WFW 1989-CBM
13}) 9. h3 (9. Rb1 Ne8 10. Bd2 Nc7 11. Nd5 Ne6 12. b4 d6 13. Ne1 Ned4 14. bxc5
dxc5 15. f4 e6 16. Nc3 f5 17. e5 Rf7 18. Nb5 Nxb5 19. Rxb5 Qc7 $15 {Bellon,
JM-Dorfman,I,St.Barbara 1992}) 9... d6 (9... Ne8 $5 10. Bg5 Nc7 11. Qd2 Ne6 12.
Bh6 Ned4 13. Nxd4 Nxd4 14. Bxg7 Kxg7 15. f4 f6 16. Rf2 e5 17. Raf1 Qe7 18. h4
a6 19. Nd1 exf4 $1 $10 {McNab,C-Carton,P,Blackpool zt 1990-CBM 18}) 10. Bg5 (
10. Qe2 Nd7 11. Nh2 $6 Nd4 12. Qd1 a6 13. Be3 b5 14. cxb5 Nxb5 (14... axb5 $5
$15) 15. Rc1 Qa5 16. Qd2 Rab8 17. Bh6 Ba8 18. Bxg7 Kxg7 19. f4 Nd4 20. Rf2 $132
{Kortschnoj,V-Adams,M/Roquebrune 25'/1992/CBM 28}) 10... h6 {N} (10... Ne8 $5
11. Qd2 Nc7 12. Rae1 Ne6 13. Bh6 Bxh6 14. Qxh6 Ne5 15. Qd2 Nxf3+ 16. Bxf3 Nd4
17. Bg2 e5 18. Ne2 Nxe2+ 19. Rxe2 Qd7 20. f4 exf4 21. Rxf4 Rae8 $10 {McNab,
C-Kosten,A,Hastings II 1989-TD 89_14}) 11. Be3 Kh7 12. Qd2 (12. d4 e5 $5 (12...
cxd4 13. Nxd4 $14 {()}) 13. dxe5 dxe5 14. a3 Ne8 $10 {/\Nd4}) 12... e6 (12...
Ne8 $5 {/\Nc7-e6}) 13. Nh2 (13. d4 e5 $10) 13... Ng8 $1 14. Rab1 (14. f4 Nge7
15. Nf3 f5 16. Rae1 Qd7 $132) 14... Qd7 15. a3 Nd4 16. b4 Ne7 17. f4 f5 18. Kh1
Rf7 19. g4 $6 (19. Nf3 Raf8 20. Bg1 $5 $10) 19... Raf8 $36 20. Rf2 Nec6 (20...
e5 21. fxe5 dxe5 22. bxc5 bxc5 23. Rxb7 $5 Qxb7 24. exf5 Qd7 25. fxg6+ Nxg6 26.
Be4 $44) 21. b5 (21. Nf1 e5 $15) 21... Na5 22. a4 (22. exf5 gxf5 {[+]}) 22...
Ndb3 (22... fxe4 $5 23. Nxe4 Nab3 $36 {/\d5} (23... d5 $2 24. Nxc5 $1 $14)) 23.
Qc2 Bxc3 $5 24. Qxc3 d5 25. exd5 (25. Rxb3 $2 d4 $19) 25... exd5 26. cxd5 $8 (
26. Qc2 Re7 $17) 26... Bxd5 $15 {ק} 27. Nf3 {/\Ne5} Bxf3 $8 28. Bxf3 Nd4 29.
Bxd4 cxd4 (29... Qxd4 30. Qxd4 cxd4 31. Rc1 fxg4 32. Bxg4 $132) 30. Qb4 fxg4
31. Bxg4 Qd5+ 32. Bf3 Qd7 33. Bg4 Qd5+ 34. Bf3 Qd7 35. Bg2 (35. Bg4 Qd8 $15 {
/\Nb7-c5,><f4}) 35... Nb7 $1 (35... Rxf4 36. Rxf4 Rxf4 37. Re1 Rf7 38. Re4 $13)
36. Re1 Nc5 37. Qc4 $8 Rxf4 38. Rfe2 R8f7 39. Re5 R4f5 (39... Rf2 $142 $1 40.
Rd5 Qc7 41. Rxd4 Qg3 42. Rg4 Qxd3 $17) 40. a5 Qd6 41. axb6 axb6 (41... Rxe5 $2
42. Qxf7+ $18) 42. Rxf5 Rxf5 43. Re8 $132 h5 44. Qg8+ Kh6 45. Qh8+ Kg5 46. Rd8
Qe5 $1 (46... Qg3 47. Qxd4 $132 {עg5}) 47. Qxe5 Rxe5 48. Rxd4 Re3 49. Rd5+ (
49. h4+ $142 $5 Kf5 50. Rd6 Rxd3 51. Rxb6 Rd4 52. Rc6 $44) (49. Rd6 Re6 $1 $15
{_|_}) 49... Kf4 50. d4 Ne6 {/\Kg3-+} 51. Kh2 $8 Re2 52. Rd6 g5 53. d5 $2 (53.
Rxb6 Nxd4 (53... g4 54. hxg4 hxg4 55. d5 g3+ 56. Kg1 Re1+ 57. Bf1 Nd4 58. Rf6+
$10) 54. Rf6+ Ke5 55. Rg6 $10) 53... Nc7 $1 54. Kg1 (54. Rxb6 $2 Nxd5 {/\Ne3-+}
) 54... Kg3 55. Bf1 Re1 56. Rg6 (56. Rxb6 Nxd5 57. Rd6 Nf4 $19) 56... g4 57.
hxg4 (57. d6 Ne6 58. d7 Nf4 59. Rf6 Nxh3+ 60. Kh1 Rd1 $19) 57... h4 $1 $19 58.
Rxb6 (58. d6 Ne6 (58... h3 $2 59. Rh6 $14) 59. d7 Nf4 60. Rf6 (60. d8=Q Nh3+
61. Kh1 Rxf1#) 60... Rd1 61. g5 h3 62. Rxf4 $8 Kxf4 63. Kh2 (63. g6 Kg3 $19)
63... Rxd7 $19) 58... Nxd5 59. g5 (59. Rd6 h3 $1 60. Rh6 Nf4 $19) 59... h3 (
59... Nxb6 $19) 60. Rh6 $8 Nf4 {/\Ne2-+ [Stohl]} 0-1

[Event "Minsk"]
[Site "Minsk"]
[Date "1993.??.??"]
[Round "?"]
[White "Rotstein, Arkadij"]
[Black "Shipov, Sergei"]
[Result "0-1"]
[WhiteElo "2465"]
[BlackElo "2490"]
[Annotator "Stohl,I"]
[PlyCount "136"]
[EventDate "1993.03.??"]
[EventType "tourn"]
[EventRounds "11"]
[EventCountry "BLR"]
[EventCategory "9"]
[SourceTitle "CBM 036"]
[Source "ChessBase"]
[SourceDate "1993.10.01"]
[SourceVersion "1"]
[SourceVersionDate "1993.10.01"]
[SourceQuality "1"]

1. c4 Nf6 2. Nf3 c5 3. g3 b6 4. Bg2 Bb7 5. O-O e6 6. Nc3 Be7 7. d4 cxd4 8. Qxd4
d6 9. Rd1 a6 10. b3 Nbd7 11. e4 Qb8 (11... Qc8 $5 12. Qe3 (12. Ba3 Nc5 13. e5
$6 Bxf3 14. Bxf3 dxe5 15. Qe3 (15. Qxe5 Ncd7 16. Rxd7 Nxd7 17. Qxg7 Bf6 $19)
15... Rb8 16. Na4 Nxa4 17. Bxe7 Kxe7 18. Qxe5 Qc5 $1 19. Qe1 Nb2 20. Rd2 Nxc4
21. bxc4 Rhd8 $17 {Schneider,A-Wojtkiewicz,A/Stara Zagora zt-B/1990/}) 12...
O-O 13. Bb2 Re8 14. Rac1 Qb8 15. Nd4 Bf8 16. Qd2 Qa7 17. h3 Rad8 18. Re1 h5 $5
19. Re2 g6 20. Rd1 Qa8 $132 {Hulak,K-Ribli,Z/BL 8990/1989/}) (11... O-O 12. Ba3
Nc5 13. e5 dxe5 14. Qxd8 Rfxd8 15. Nxe5 Bxg2 16. Kxg2 Bf8 17. Bxc5 bxc5 18. f4
$14 {><c5,Vaganian,R-Huebner,R/GER-CupT/1993/}) 12. Ba3 Nc5 13. e5 dxe5 (13...
Bxf3 14. Bxf3 dxe5 15. Bc6+ Kf8 16. Qe3 Ra7 17. b4 $1 {/\c5->}) 14. Qxe5 Ncd7
$1 (14... Qxe5 15. Nxe5 $36 {_|_}) 15. Qxb8+ Rxb8 16. Bd6 $6 (16. Bc1 $5 Rc8
17. Bb2 Rc7 $1 (17... Nc5 18. Ne5 Bxg2 19. Kxg2 O-O 20. f4 Rc7 21. Kf3 Nfd7 22.
Ne4 $36 {()_|_,Panzalovic,S-Popov,S/Kladovo ch-YU/1991/}) 18. Nd4 Bxg2 19. Kxg2
Nc5 $6 (19... O-O $142 $10) 20. Rac1 O-O 21. Nf3 Ncd7 22. Ne2 Rfc8 23. Ne5 $14
{Nogueiras,J-Browne,W/Taxco izt/1985/}) (16. Bb2 O-O 17. Nd4 Rfc8 $1 18. Rac1
Ne5 19. Rc2 Nc6 20. Nf3 Ba8 $132 {Stangl,M-Kabatenski,A/Munich/1992/}) 16...
Bxd6 17. Rxd6 Ke7 18. Rad1 Rhc8 $1 $15 {/\b5} (18... Bd5 $2 19. Rxd7+ Kxd7 20.
cxd5 $18) 19. Ng5 (19. R6d3 b5 20. cxb5 axb5 $15 {/\} 21. Nxb5 $2 Bxf3 $19)
19... b5 $1 20. Bxb7 Rxb7 21. Rxa6 $8 bxc4 22. Nce4 (22. bxc4 Rxc4 $15 {><a2,f2
}) 22... Nxe4 23. Nxe4 cxb3 $1 24. Nd6 {N} (24. axb3 Rcc7 $1 25. Ra8 (25. Ra3
Rb4 $36) 25... Rxb3 26. Rg8 $2 g6 27. Kg2 Rb2 28. h4 Rcc2 29. Ra8 Nf6 $1 {
0-1/Vadasz,L-Karpman,V/Budapest Spring op/1989/}) 24... Rcc7 $1 $8 25. axb3 (
25. Nxb7 b2 $1 $19 {/\Rc1}) 25... Rxb3 26. Ra8 Rb8 $5 (26... Rb2 27. Re8+ Kf6
28. Ne4+ {/\Re7}) 27. Nf5+ Kf6 $1 (27... exf5 28. Rxd7+ $10) 28. Rxb8 (28. Rxd7
$2 Rc1+ 29. Kg2 Rxa8 $19) 28... Nxb8 $15 29. Ne3 Nd7 30. Kg2 Ne5 31. Rd4 h5 (
31... g5 $5 {/\h5,g4->}) 32. h4 $1 g6 33. Rf4+ Kg7 34. Rd4 Rb7 35. Rd2 Rb1 36.
Rd4 (36. Ra2 $142 $15) 36... Rb2 37. Rd1 Ra2 38. Rd4 Kf6 39. Rd8 Ke7 40. Rd1
Kf6 41. Rd8 Ke7 42. Rd1 Nd7 $1 {/\Nc5-e4,><f2} 43. Rc1 Nf6 44. Rc7+ Kf8 45. Rc4
Kg7 46. Kf3 Rd2 47. Ra4 Ne8 48. Rb4 (48. Rc4 Nd6 49. Rc2 Rxc2 50. Nxc2 e5 $17)
48... Nd6 $1 {/\e5,f5,e4,Ne4} 49. Nf1 (49. Nc4 $2 Rd4 $19) (49. Rb6 $142 $5)
49... Ra2 50. Rd4 Nf5 51. Rd3 e5 $36 52. Ne3 $8 Nd4+ 53. Kg2 f5 54. Rc3 (54.
Kf1 Kf6 $36) 54... f4 $5 $17 55. Rc7+ Kf6 56. gxf4 exf4 57. Nd5+ Ke5 58. Ne7
Ra6 {פe7,Ph4} 59. Rc5+ (59. Rd7 Ke4 $17) 59... Ke4 60. Rg5 $2 (60. Rc4 $5 Kd3
$17) 60... Nf3 $1 $19 61. Rc5 (61. Rxg6 $4 Nxh4+ $19) 61... Nxh4+ 62. Kh3 Nf3
63. Rc4+ Nd4 64. Rc1 g5 65. Rc5 Re6 66. Ng8 (66. Nd5 Kf3 $19) 66... Nf5 $1 67.
f3+ Kxf3 68. Rxf5 Re1 (68... Re1 69. Kh2 $8 g4 {/\g3,Rh1#}) 0-1

[Event "Budapest Hunguest Hotels"]
[Site "Budapest"]
[Date "2003.04.19"]
[Round "8"]
[White "Berkes, Ferenc"]
[Black "Almasi, Zoltan"]
[Result "1-0"]
[WhiteElo "2578"]
[BlackElo "2676"]
[Annotator "Stohl,I"]
[PlyCount "121"]
[EventDate "2003.04.11"]
[EventType "tourn"]
[EventRounds "9"]
[EventCountry "HUN"]
[EventCategory "17"]
[SourceTitle "CBM 095"]
[Source "ChessBase"]
[SourceDate "2003.07.25"]
[SourceVersion "1"]
[SourceVersionDate "2003.07.25"]
[SourceQuality "1"]

1. Nf3 Nf6 2. c4 b6 3. g3 c5 4. Bg2 Bb7 5. O-O g6 6. Nc3 Bg7 7. d3 {A quiet
and unambitious move.} ({The usual continuation} 7. d4 cxd4 8. Qxd4 d6 {
has a good reputation, Black doesn't experience any opening problems lately
and has been successful in this line:} 9. Rd1 Nbd7 10. Be3 a6 11. Rac1 Rc8 12.
b3 O-O 13. Qh4 Rc7 14. Bh6 Qa8 15. Bxg7 Kxg7 16. Ne1 b5 17. Nd5 Nxd5 18. cxd5
Rxc1 19. Rxc1 Nf6 20. e4 Rc8 21. Qf4 a5 22. Qd2 b4 23. a3 $6 Rxc1 24. Qxc1 a4
$1 25. Nc2 Qc8 26. Qb2 bxa3 27. Nxa3 axb3 28. h3 Ba6 $15 {Karpov,A-Gelfand,B/
Cap d'Agde act/2002/}) 7... O-O 8. e4 {Although with Black this set-up is
considered to be one of the safest and best against the double fianchetto,
with White it's not sufficient to promise an edge.} d6 ({Slightly more
flexible is the immediate} 8... Nc6 9. Be3 (9. h3 e6 $5 {/\} 10. Be3 d5 $11 {
-here Black realizes the central advance in one move.}) (9. Rb1 Ne8 10. Be3 Nd4
11. Ne2 e5 12. b4 d6 13. bxc5 dxc5 14. Nexd4 cxd4 15. Bd2 Nc7 16. Ne1 $6 (16.
a4 $142 $132) 16... Na6 $1 17. a4 Bc6 18. a5 bxa5 19. Ra1 a4 20. f4 exf4 21.
gxf4 Rb8 $17 {Kortschnoj,V-Kuzmin,G/Leningrad izt/1973/}) 9... Ng4 10. Bd2 d6
11. a3 a6 12. Rb1 {Kortschnoj,V-Psakhis,L/FIDE WCh Moscow/2001/} Nge5 $1 13.
Ne1 Nd4 14. b4 f5 $13) 9. h3 (9. Ne1 Ne8 10. g4 $6 e5 $1 11. f4 exf4 12. Bxf4
Nc6 13. Nc2 Nc7 14. Qd2 Ne6 15. Bh6 Qh4 16. Bxg7 Kxg7 17. h3 h5 18. gxh5 Qxh5
19. Nd5 Ncd4 20. Nxd4 Nxd4 $17 {Polgar,Z-Stohl,I/Brno/1993/}) 9... Nc6 10. Be3
e6 $5 {Black intends to meet White's [+] action head on.} (10... e5 11. Qd2 Nd4
12. Nh2 Nd7 13. f4 a6 $6 (13... f5 $13) 14. f5 $1 gxf5 15. exf5 Bxg2 16. Qxg2
Kh8 17. Kh1 Rb8 18. b3 Rg8 19. g4 Bf6 20. Ne4 Be7 21. Rf2 f6 22. Nf1 Nf8 23.
Nc3 b5 24. Ng3 $16 {Speelman,J-Lautier,J/Dordrecht blitz/2001/}) ({Black
usually prevents the central break d4 less radically with} 10... Rc8 11. Rc1 (
11. Qd2 Nd7 12. Nh4 e6 13. Nb5 Qe7 14. f4 a6 15. Nc3 b5 $5 16. Rae1 Nd4 17. Kh2
Kh8 18. f5 Be5 19. Bg5 f6 20. Bh6 Rg8 21. fxe6 Qxe6 22. Nd5 Bxd5 23. exd5 Qe7
24. Be3 f5 25. Nf3 Nxf3+ 26. Bxf3 bxc4 27. dxc4 g5 $132 {Kveinys,A-Sulava,N/
Bled olm/2002/}) (11. b3 Ng4 12. hxg4 Bxc3 13. Rc1 Bg7 14. d4 cxd4 15. Nxd4
Nxd4 16. Bxd4 Bxd4 17. Qxd4 Qd7 18. Bf3 $6 (18. g5 Qg4 19. Qe3 f6 $5 $11) 18...
Rc5 19. Kg2 Re5 20. Rh1 f5 $1 21. gxf5 gxf5 22. Rh5 Qc6 23. Rg5+ Kh8 24. Kf1
Qc5 $1 25. Qxc5 bxc5 $36 {Molander,R-Tolonen,L/Lahti op/2000/}) 11... Nd7 12.
b3 Nde5 13. Ne1 Nd4 14. Ne2 Nec6 15. Nxd4 cxd4 16. Bd2 Qd7 17. f4 f5 18. exf5
gxf5 19. Nf3 Rce8 20. Nh4 e6 21. Qh5 Nd8 22. Rce1 Bxg2 23. Kxg2 Nb7 24. g4 $13
{Miton,K-Sakaev,K/EU Cup Panormo/2001/}) 11. d4 Na5 $1 $146 {[%mdl 8] An
important improvement.} (11... cxd4 $143 $6 12. Nxd4 Nxd4 13. Bxd4 $14 {
gives White a pleasant position with a permanent advantage, Black doesn't have
the usual Hedgehog <=> and his Pd6 is more vulnerable} Qe7 14. Qe2 (14. Qd2 Nh5
15. Rad1 Rfd8 16. Bxg7 Nxg7 17. Rfe1 a6 18. Bf1 Qc7 19. Re3 Rd7 20. b3 Rad8 21.
Rd3 Bc6 22. a4 Ne8 23. Qe3 $14 {Pacovsky,J-Vanko,J/CZE-ch Karvina/1985/}) 14...
Rfd8 15. Rfd1 Ne8 16. Bxg7 Nxg7 17. f4 Rac8 18. Rd2 Ba6 19. b3 $14 g5 $6 20.
Rf1 Rc5 21. Qd3 gxf4 22. gxf4 Nh5 23. Qf3 Qh4 24. e5 d5 25. Ne4 $1 Rcc8 26.
Qxh5 $1 {1-0,Vaganian,R-Contin,D/Reggio Emilia/1994/}) 12. Qd3 (12. Nd2 $143
Ng4 $5 (12... Nd7 $11) 13. Qxg4 cxd4 14. Bg5 h5 $1 15. Qf4 (15. Bxd8 hxg4 16.
Be7 Rfe8 $15) 15... f6 16. Nb5 fxg5 17. Qxd6 Qxd6 18. Nxd6 Bc6 $36 19. b4 Rad8
$15) 12... d5 $1 13. cxd5 (13. exd5 $6 exd5 14. dxc5 (14. Nxd5 Nxd5 15. cxd5 c4
(15... Qxd5 16. Ne1 {/\dc5=}) 16. Qd2 Bxd5 $15) 14... Nxc4 15. cxb6 axb6 $15)
13... exd5 14. dxc5 $6 (14. e5 $142 $1 Ne4 15. dxc5 Nxc5 (15... bxc5 16. Rfd1
$16 {[%csl Rc5,Rd5] ה}) 16. Qc2 (16. Bxc5 bxc5 17. Rad1 d4 18. Ne4 Qb6 $13)
16... Nc4 17. Bxc5 bxc5 18. Rad1 $13 {/+/=}) 14... Nxe4 (14... dxe4 $5 15. Qxd8
Rfxd8 16. Ng5 Re8 $5 {[%cal Rh7h6] /\h6} (16... Nc4 17. Ngxe4 Nxe4 18. Nxe4
Nxe3 19. fxe3 bxc5 20. Nf6+ (20. Nxc5 Bxg2 21. Kxg2 Rac8 $15) 20... Bxf6 21.
Bxb7 Rab8 22. Rxf6 Rxb7 23. b3 $11) 17. Bd4 bxc5 18. Bxf6 Bxf6 19. Ngxe4 Bd4
20. Nd6 Bxg2 21. Kxg2 Red8 22. Ndb5 $11 {/=/+}) 15. cxb6 axb6 {[%cal Rb7a6] /
\Ba6} (15... Nxc3 16. bxc3 axb6 17. Rfe1 {[%cal Ye3d4] /\Bd4=}) 16. Rfc1 $2 (
16. Qc2 $142 $1 Rc8 17. Bd4 $11) 16... Nc5 (16... Nc4 $5 17. Bd4 (17. Nxe4 Nxe3
$17) 17... Nxb2 18. Qe2 Na4 $15) 17. Qd1 (17. Qc2 d4 18. Rd1 Nab3 $5 19. axb3
Rxa1 20. Rxa1 dxe3 $15) (17. Bxc5 bxc5 $36 {[%csl Gb7,Gc5,Gd5,Gg7] [+]^^})
17... Nc4 18. Bd4 $5 {The pawn-sacrifice is White's best chance. Although
Black will be much better, the blockade on d4 is still not easy to break.} (18.
Bg5 f6 $17) (18. Bxc5 bxc5 19. b3 (19. Nd2 Nxb2 20. Qc2 Bxc3 21. Qxc3 Na4 $17)
19... Nd6 $17) 18... Nxb2 19. Qc2 Bxd4 (19... Nc4 20. Bxg7 Kxg7 21. Qd1 $15)
20. Nxd4 Nba4 (20... Nc4 21. Rd1 Re8 $15 {/-/+}) 21. Ncb5 (21. Nxa4 Rxa4 22.
Nb3 Rc4 23. Qd1 Ne4 $36) 21... Qf6 22. Qd1 (22. Rd1 Ne4 $17) 22... Ne4 (22...
Nb2 $5 {/\Nc4-/+}) 23. Qf3 Qxf3 24. Bxf3 Nac5 25. Rc2 Ra4 26. Bd1 Ra5 (26...
Ba6 $5 $17) (26... Rc4 $17) 27. Kg2 Rd8 28. Rb1 Ng5 29. Rcb2 Nge6 30. Bf3 Ra4
31. Rd1 {Although Black has earlier possibly missed some more incisive moves,
he still remains a healthy pawn up. However, he follows up with a tragic
mistake...} (31. Nxe6 fxe6 32. Nc3 Ra3 33. Nb5 Ra5 $17) 31... Ba6 $4 {[%mdl
8192]} (31... Kg7 $15 {/-/+}) (31... Rda8 32. Nxe6 fxe6 33. Nd6 $15) 32. Nc6 {
Turns the tables, now Black loses one pawn immediately and the Pb6 remains
weak.} Rf8 33. Nc3 $1 Ra3 34. Nxd5 Nd3 $6 (34... b5 $142 $5 35. Be2 Ra8 $16)
35. Rb3 $1 Rxb3 (35... Rxa2 36. Rdxd3 Bxd3 37. Rxd3 Rb2 38. Ra3 $16 {/+- was
somewhat better, but probably lost anyway.}) 36. axb3 Kg7 37. Nxb6 $18 Ng5 (
37... Re8 38. Nd5 {/\Ndb4}) 38. Bd5 Nc5 39. b4 Nce4 40. Ra1 Bb7 41. Ra7 Bxc6
42. Bxc6 Rb8 43. Rb7 Rxb7 {Black can't avoid the exchange of R for long.} (
43... Rd8 44. Nd7 Nd6 45. Rb8 $18) 44. Bxb7 Nd6 45. Bd5 Kf6 46. Nc4 Nb5 (46...
Nxc4 47. Bxc4 Ke7 48. b5 $18) 47. Nd2 Ke7 48. Ne4 Nxe4 (48... Ne6 {was
somewhat more resilient, the _|_ with one pair of minor pieces is easily won
for White.}) 49. Bxe4 Nc3 50. Kf3 Kd6 51. Kf4 Nd1 (51... Na2 52. b5 Kc5 (52...
Nc3 53. b6 $18) 53. Kg5 (53. Bc6 f6 54. g4 $18) 53... Kxb5 54. Kf6 $18) 52. f3
f6 53. h4 Nc3 54. g4 Ke6 (54... Nd1 55. h5 $18) 55. Ke3 Kd6 56. Kd3 Na4 57. Kd4
Nb6 58. f4 Nd7 59. g5 fxg5 60. hxg5 Nb6 61. b5 (61. b5 Nd7 62. Bd5 Nf8 63. Bg8
$22 Kc7 64. Ke5 $18) 1-0

[Event "Lisbon zt"]
[Site "Lisbon"]
[Date "1993.??.??"]
[Round "6"]
[White "Illescas Cordoba, Miguel"]
[Black "Galego, Luis"]
[Result "1-0"]
[WhiteElo "2615"]
[BlackElo "2390"]
[Annotator "Stohl,I"]
[PlyCount "65"]
[EventDate "1993.03.??"]
[EventType "tourn"]
[EventRounds "11"]
[EventCountry "POR"]
[EventCategory "7"]
[SourceTitle "CBM 035"]
[Source "ChessBase"]
[SourceDate "1993.08.01"]
[SourceVersion "1"]
[SourceVersionDate "1993.08.01"]
[SourceQuality "1"]

1. Nf3 Nf6 2. c4 c5 3. Nc3 e6 4. g3 b6 5. Bg2 Bb7 6. O-O Be7 7. d4 cxd4 8. Qxd4
d6 9. Rd1 a6 10. Ng5 Bxg2 11. Kxg2 Nc6 12. Qf4 Qc7 $6 (12... Ra7 13. Nge4 Rd7
14. Be3 Ne5 15. Nxf6+ Bxf6 16. Na4 b5 17. Nb6 Nxc4 $1 18. Nxc4 (18. Nxd7 Qxd7
$44) 18... bxc4 19. Qxc4 Qa8+ 20. Kg1 O-O $10 {Makarov,M-Ulibin,M/URS-ch58/
1991/}) (12... O-O 13. Nce4 Ne8 $1 (13... Nxe4 14. Nxe4 {-12...Qc7?!}) 14. b3
Ra7 15. Bb2 b5 16. Nf3 Qa8 17. Rac1 h6 18. Ned2 Rd7 19. Kg1 Qb7 $10 {
Wojtkiewicz,A-Ftacnik,L/Budapest zt-plof/1993/}) 13. Nge4 Nxe4 $8 14. Nxe4 O-O
15. b3 {/\Ba3><d6} (15. Nxd6 $2 e5 (15... Rad8 16. Nf5 $1 Qxf4 17. Nxe7+ Nxe7
18. Bxf4 $18) 16. Qd2 Rad8 $19) 15... Ne5 16. Ba3 Ng6 17. Qc1 $1 $8 (17. Qe3 $6
d5 $1 18. Bxe7 Nxe7 $10) 17... Rfd8 18. Kg1 $14 Rac8 19. Bb2 Bf8 (19... d5 20.
cxd5 Qxc1 21. Raxc1 Rxc1 22. Rxc1 exd5 23. Nd2 $16 {_|_><a6,b6,d5}) 20. Qe3 b5
$6 (20... Ne7 $5 $14 {/\Nf5,Nc6}) 21. Bd4 {/\Bb6} Rb8 (21... Qb7 $142 $5 22. c5
$36) 22. Rac1 $16 b4 (22... bxc4 23. Rxc4 $16 {<->c}) 23. Bb2 Qa5 24. Rd2 $1
Rbc8 (24... Qxa2 $2 25. Ra1 $18) 25. Bd4 Rb8 26. h4 d5 (26... f5 27. Nf6+ $1
gxf6 28. Qxe6+ Kh8 29. Bxf6+ Bg7 30. Bxd8 $18) 27. Ng5 dxc4 $2 (27... h6 28.
Nf3 $16) 28. Bb6 $1 Qxb6 29. Qxb6 Rxb6 30. Rxd8 h6 (30... c3 31. Rcd1 $18) 31.
Nf3 c3 32. h5 Nh8 33. Ne5 {/\Nd7 [Stohl]} 1-0

[Event "Hoogovens op"]
[Site "Wijk aan Zee"]
[Date "1993.01.??"]
[Round "10"]
[White "Rotstein, Arkadij"]
[Black "Grooten, Herman"]
[Result "0-1"]
[WhiteElo "2465"]
[BlackElo "2410"]
[Annotator "Stohl,I"]
[PlyCount "86"]
[EventDate "1993.01.??"]
[EventType "swiss"]
[EventRounds "12"]
[EventCountry "NED"]
[SourceTitle "CBM 034"]
[Source "ChessBase"]
[SourceDate "1993.06.01"]
[SourceVersion "1"]
[SourceVersionDate "1993.06.01"]
[SourceQuality "1"]

1. c4 Nf6 2. Nf3 c5 3. g3 b6 4. Bg2 Bb7 5. O-O g6 6. Nc3 Bg7 7. Re1 d6 (7... d5
$5 $10) (7... Ne4 8. Nxe4 Bxe4 9. d4 cxd4 10. Bh6 $1 Bxh6 11. Qxd4 O-O 12. Qxe4
Nc6 13. Rad1 Rc8 {Romanishin,O-Psakhis,L,Jurmala 1987-CBM 05} 14. e3 $14 {()})
8. e4 Nbd7 9. d4 cxd4 10. Nxd4 Rb8 $8 (10... Rc8 $2 11. e5 $1 dxe5 (11... Bxg2
12. exf6 $18) 12. Bxb7 exd4 13. Bxc8 dxc3 14. Bxd7+ Nxd7 15. Rb1 O-O 16. bxc3
Qc8 17. Rxe7 Rd8 18. Bf4 Bf6 19. Re3 g5 20. Bd6 Qxc4 21. Be7 $18 {Cifuentes
Parada,R-Grooten,H,Wijk op 1993-CBM 34}) 11. b3 O-O 12. Bb2 a6 13. Qe2 {N} (13.
Qd2 Re8 14. Rac1 Ba8 15. Nd5 $6 e6 16. Nc3 Qc7 17. Rc2 Nc5 18. f3 Rbd8 19. b4
Ncd7 $132 {Lobron,E-Appel,R,Deutschland Cup 1989-CBM 16}) 13... e6 14. Rad1 (
14. Ba3 Nc5 {/\} 15. b4 $2 Nfxe4 $1 16. Nxe4 Nxe4 17. Bxe4 Bxd4 $17) 14... Re8
15. Ba3 Bf8 $8 (15... Nc5 $2 16. e5 $1 dxe5 17. Nxe6 $16) (15... Qc7 16. Ndb5
$5 axb5 17. Bxd6 $36) 16. Qd2 (16. Nc2 Qc7 $13) 16... Nc5 17. b4 $6 {><c4} Ncd7
18. b5 Ne5 (18... Nc5 $2 19. bxa6 Nxa6 $8 20. Ndb5 $16 {><d6}) 19. Qe2 Qc8 20.
Rc1 Nfd7 (20... Qxc4 $5 21. Nd5 Bxd5 (21... Qxe2 $2 22. Nxf6+ Kg7 23. Nxe8+ $18
) (21... exd5 $5 22. Rxc4 Nxc4 $36) 22. Rxc4 Bxc4 $15) (20... Nxc4 21. Na4 $1
axb5 22. Nxb5 d5 23. Nd6 $5 (23. Nxb6 Qc6 24. Nxc4 Qxb5 $132) 23... Bxd6 24.
Bxd6 $16 {/\Bb8,Nb6}) 21. bxa6 Bxa6 22. Ncb5 (22. Ndb5 $6 Qxc4) 22... Nc5 23.
Red1 Bb7 24. f4 Nc6 25. Nb3 (25. Nxc6 Qxc6 $15 {><e4}) 25... Ra8 $1 26. Rb1 (
26. Bxc5 dxc5 27. Nd6 Bxd6 28. Rxd6 e5 $1 $36) 26... Rd8 27. Bc1 d5 $1 $44 {|^}
28. cxd5 exd5 29. exd5 (29. e5 $142 $5 $13) 29... Nb4 {/\Ra2,Bd5} 30. Qc4 (30.
d6 $2 Rxa2 31. Rb2 Nxb3 $19) 30... Qf5 $1 31. Bb2 (31. Be3 $142 Nxb3 32. Qxb3
Bxd5 $17 {׻}) 31... Nbd3 $1 32. Bc3 $2 (32. Ba1 Rxa2 $1 {/\Rg2-+}) 32... Ra4
$19 33. N3d4 Rxc4 34. Nxf5 gxf5 35. Bf6 Rd7 36. Bh3 Rxd5 37. Nc7 Rd7 38. Ne8
Rc2 39. Ba1 (39. Bxf5 Ne4 $1 40. Bxd7 Bc5+ 41. Kf1 Rf2+ 42. Kg1 Rxf4+ 43. Kg2
Ng5+ $19) 39... Ne4 40. Rb5 Bc5+ 41. Rxc5 $8 Ndxc5 42. Re1 Rdd2 43. Bf1 Rxh2
0-1